Fabrication of Al2O3–ZrO2 ceramics with high porosity and strength; Ceramics International; Vol. 47, iss. 2

Dades bibliogràfiques
Parent link:Ceramics International
Vol. 47, iss. 2.— 2021.— [P. 1666-1671]
Autor principal: Kamyshnaya K. S. Kseniya Sergeevna
Autor corporatiu: Национальный исследовательский Томский политехнический университет Инженерная школа новых производственных технологий Научно-образовательный центр Н. М. Кижнера
Altres autors: Khabas (Habas) T. A. Tamara Andreevna
Sumari:Title screen
This study describes the synthesis of ceramics, in which a micrometre-sized Al2O3–ZrO2 nanopowder was used as an oxide base for the hardening of the materials. To a suspension of this mixed metal oxide, the pore-forming crystallisation additives camphor and carbamide were added to produce ceramics with thin permeable pores. Camphor crystallised in the oxide suspension in the form of single pentagonal stars and сarbamide crystallised in the form of thin elongated needles. The use of the different crystallisation additives allowed the formation of ceramics after sintering that have both permeable and complex pore morphologies, where anisotropic properties were observed using carbamide as an additive but not when camphor was used. The total porosity of the resulting ceramics was 51.3%, with a compressive strength in the range of 17.3–92.3 MPa.
Режим доступа: по договору с организацией-держателем ресурса
Idioma:anglès
Publicat: 2021
Matèries:
Accés en línia:https://doi.org/10.1016/j.ceramint.2020.08.283
Format: MixedMaterials Electrònic Capítol de llibre
KOHA link:https://koha.lib.tpu.ru/cgi-bin/koha/opac-detail.pl?biblionumber=664251

MARC

LEADER 00000naa0a2200000 4500
001 664251
005 20250424155227.0
035 |a (RuTPU)RU\TPU\network\35435 
035 |a RU\TPU\network\35254 
090 |a 664251 
100 |a 20210405d2021 k||y0rusy50 ba 
101 0 |a eng 
135 |a drcn ---uucaa 
181 0 |a i  
182 0 |a b 
200 1 |a Fabrication of Al2O3–ZrO2 ceramics with high porosity and strength  |f K. S. Kamyshnaya, T. A. Khabas (Habas) 
203 |a Text  |c electronic 
300 |a Title screen 
320 |a [References: 33 tit.] 
330 |a This study describes the synthesis of ceramics, in which a micrometre-sized Al2O3–ZrO2 nanopowder was used as an oxide base for the hardening of the materials. To a suspension of this mixed metal oxide, the pore-forming crystallisation additives camphor and carbamide were added to produce ceramics with thin permeable pores. Camphor crystallised in the oxide suspension in the form of single pentagonal stars and сarbamide crystallised in the form of thin elongated needles. The use of the different crystallisation additives allowed the formation of ceramics after sintering that have both permeable and complex pore morphologies, where anisotropic properties were observed using carbamide as an additive but not when camphor was used. The total porosity of the resulting ceramics was 51.3%, with a compressive strength in the range of 17.3–92.3 MPa. 
333 |a Режим доступа: по договору с организацией-держателем ресурса 
461 |t Ceramics International 
463 |t Vol. 47, iss. 2  |v [P. 1666-1671]  |d 2021 
610 1 |a электронный ресурс 
610 1 |a труды учёных ТПУ 
610 1 |a porosity 
610 1 |a strength 
610 1 |a пористость 
700 1 |a Kamyshnaya  |b K. S.  |c chemist  |c Laboratory assistant of Tomsk Polytechnic University  |f 1991-  |g Kseniya Sergeevna  |3 (RuTPU)RU\TPU\pers\31277 
701 1 |a Khabas (Habas)  |b T. A.  |c chemist  |c Professor of Tomsk Polytechnic University, Doctor of chemical science  |f 1949-  |g Tamara Andreevna  |3 (RuTPU)RU\TPU\pers\31273  |9 15451 
712 0 2 |a Национальный исследовательский Томский политехнический университет  |b Инженерная школа новых производственных технологий  |b Научно-образовательный центр Н. М. Кижнера  |3 (RuTPU)RU\TPU\col\23556 
801 0 |a RU  |b 63413507  |c 20210405  |g RCR 
850 |a 63413507 
856 4 |u https://doi.org/10.1016/j.ceramint.2020.08.283 
942 |c CF